| 000 | 01095nam a22002777a 4500 | ||
|---|---|---|---|
| 999 |
_c17543 _d17543 |
||
| 005 | 20180227143351.0 | ||
| 008 | 150703b ck ||||fr|||| 00| 0 spa d | ||
| 040 |
_aCO-BoIAVH _cCO-BoIAVH |
||
| 041 | _aspa | ||
| 044 | _ack | ||
| 082 | 4 |
_a664.902 _bC82m4 |
|
| 100 | 1 | _aGuzmán-Lenis, Angélica | |
| 245 | 1 |
_aEstudio de los movimientos del chiguiro: _bCartilla 5 |
|
| 260 |
_aBogotá: _bCorporinoquia: _bUniversidad Nacional de Colombia, _c2006. |
||
| 300 |
_a60 p. _bil., col., tab. _c27 cm. |
||
| 490 | _aRegistro y análisis de la información para el manejo sostenible de las poblaciones silvestres de chiguiros y sus hábitats en la Orinoquía colombiana | ||
| 500 | _aIncluye glosario (Pag. 57-58). | ||
| 650 | 4 |
_aChiguiros _xHábitat _zColombia |
|
| 650 | 4 |
_aChiguiros _xPoblaciones _zColombia |
|
| 650 | 4 |
_aChiguiros _xMovimiento _zColombia |
|
| 700 | 1 | _aMesa-González, Elizabeth | |
| 700 | 1 | _aAtúesta-Diman, Natalia | |
| 700 | 1 | _aÁlvarez-Méndez, Oscar | |
| 700 | 1 | _aCamargo-Sanabria, Ángela A. | |
| 942 |
_2ddc _cLIBRO |
||